10 Closest M Countries to Japan - Statistics

General Stats
  • This quiz has been taken 179 times
  • The average score is 7 of 10
Answer Stats
km country miles % Correct
1640 Mongolia 1019
96%
1984 Malaysia 1233
89%
2251 Myanmar 1399
80%
8097 Mexico 5031
75%
3252 Marshall Islands 2020
71%
8962 Madagascar 5569
69%
5635 Maldives 3502
68%
1942 Micronesia 1206
66%
8627 Mauritius 5361
57%
8278 Moldova 5144
56%
No matching quizzes found
Score Distribution
Percent of People with Each Score
Percentile by Number Answered
Your Score History
You have not taken this quiz